LEADER 00716nam0 22002531i 450 001 990006168240403321 005 19980601 035 $a000616824 035 $aFED01000616824 035 $a(Aleph)000616824FED01 035 $a000616824 100 $a19980601d1908----km-y0itay50------ba 105 $a--------00-yy 200 1 $aProve civili$emanuale pratico- alfabetico sulla loro ammissibilita' e valore probatorio...$fCesare Baldi. 210 $aTorino$cUnione tip. ed.$d1908 215 $a582 p.$d24 cm 676 $a347.06 700 1$aBaldi,$bCesare$03042 801 0$aIT$bUNINA$gRICA$2UNIMARC 901 $aBK 912 $a990006168240403321 996 $aProve civili$9227451 997 $aUNINA DB $aGIU01 LEADER 01030nam--2200373---450- 001 990001382570203316 005 20050706103818.0 035 $a000138257 035 $aUSA01000138257 035 $a(ALEPH)000138257USA01 035 $a000138257 100 $a20040130d1977----km-y0itay0103----ba 101 0 $aita 102 $aIT 105 $a||||||||001yy 200 1 $a<> metodo dell'evoluzione$fJonh J. Billings 210 $aMilano$cLibreria della Famiglia$d1977 215 $a130 p.$d20 cm 410 0$12001 454 1$12001 461 1$1001-------$12001 606 0 $aNascita$xControllo 676 $a613.94 700 1$aBILLINGS,$bJohn J.$0558219 801 0$aIT$bsalbc$gISBD 912 $a990001382570203316 951 $aII.6. 852(XV B 354)$b91591 L.M.$cXV B 959 $aBK 969 $aUMA 979 $aSIAV3$b10$c20040130$lUSA01$h1332 979 $aPATRY$b90$c20040406$lUSA01$h1737 979 $aCOPAT1$b90$c20050706$lUSA01$h1038 996 $aMetodo dell'evoluzione$9933463 997 $aUNISA